Disney Songs - Sudden Death #2 - Statistics

General Stats
  • This quiz has been taken 519 times
  • The average score is 8 of 20
Answers on the Grid
Answers color-coded by a green-red scale on the quiz's grid according to % correct below.
Surface Pressure
Mother Knows Best
Believe
Bella Notte
Can You Feel the Love Tonight
Just Around the Riverbend
Touch the Sky
I'm Still Here (Jim's Theme)
Friend Like Me
Immortals
Someday My Prince Will Come
The Best of Both Worlds
Strange Things
Memory
I Wanna Be Like You
Ready as I'll Ever Be
Down in New Orleans
Part of Your World
A Girl Worth Fighting For
This is the Thanks I Get?!
Hakuna Matata
King
Somewhere Over the Rainbow
This is Me
The Bells of Notre Dame
Ordinary Girl
I Won't Say (I'm In Love)
A Star is Born
You're Welcome
For the First Time in Forever
 
Answer Stats
Answer % Correct
Mother Knows Best
73%
Can You Feel the Love Tonight
72%
Surface Pressure
62%
Friend Like Me
58%
Bella Notte
52%
Hakuna Matata
51%
Just Around the Riverbend
50%
Someday My Prince Will Come
50%
Part of Your World
45%
For the First Time in Forever
43%
You're Welcome
41%
The Bells of Notre Dame
40%
I Wanna Be Like You
37%
A Girl Worth Fighting For
32%
I Won't Say (I'm In Love)
32%
Down in New Orleans
30%
Immortals
16%
I'm Still Here (Jim's Theme)
15%
A Star is Born
12%
This is the Thanks I Get?!
12%
No matching quizzes found
Score Distribution
Percent of People with Each Score
Percentile by Number Answered
Your Score History
You have not taken this quiz